[Event "Voronezh op"]
[Site "Voronezh"]
[Date "2023.06.18"]
[Round "3"]
[White "Sergienko, Sergey"]
[Black "Klimentov, Roman"]
[Result "1-0"]
[WhiteElo "2306"]
[BlackElo "2094"]
[PlyCount "95"]
[EventDate "2023.06.16"]
[EventType "swiss"]
[EventRounds "9"]
[EventCountry "RUS"]
[SourceTitle "CBM 214 Extra"]
[Source "ChessBase"]
[SourceDate "2023.07.31"]
[SourceVersion "1"]
[SourceVersionDate "2023.07.31"]
[SourceQuality "1"]

1. e4 c5 2. Nf3 d6 3. d4 cxd4 4. Nxd4 Nf6 5. Nc3 a6 6. Bg5 Nbd7 7. Bc4 Qb6 8. Bb3 e6 9. 0-0 Be7 10. Kh1 Nc5 11. f4 Qc7 12. f5 0-0 13. fxe6 fxe6 14. Nf5 Nxb3 15. Nxe7+ Qxe7 16. axb3 Bd7 17. Qe2 Bc6 18. Rf3 h6 19. Bh4 Rf7 20. Raf1 Raf8 21. Kg1 b5 22. b4 Qb7 23. Bxf6 Qb6+ 24. Kh1 Rxf6 25. Rxf6 Rxf6 26. Rxf6 gxf6 27. Qd2 d5 28. exd5 exd5 29. Nd1 d4 30. Nf2 f5 31. Qf4 Qb7 32. Qxh6 Bxg2+ 33. Kg1 Be4 34. Qg6+ Kh8 35. Qh6+ Kg8 36. Qe6+ Kh7 37. Nxe4 fxe4 38. Qf5+ Kg8 39. Qg6+ Kf8 40. Qf6+ Kg8 41. Qxd4 Qc6 42. c3 Qg6+ 43. Kf2 Qf5+ 44. Ke1 Qf4 45. Qd2 e3 46. Qg2+ Kh7 47. Qh3+ Kg6 48. Qg3+ 1-0

[Event "Voronezh Petrovsky op"]
[Site "Voronezh"]
[Date "2022.06.16"]
[Round "8"]
[White "Kulnev, Aleksandr"]
[Black "Sergienko, Sergey"]
[Result "1-0"]
[WhiteElo "1781"]
[BlackElo "2337"]
[PlyCount "81"]
[EventDate "2022.06.10"]
[EventType "swiss"]
[EventRounds "9"]
[EventCountry "RUS"]
[SourceTitle "EXT 2023"]
[Source "ChessBase"]
[SourceDate "2022.10.05"]
[SourceVersion "1"]
[SourceVersionDate "2022.10.05"]
[SourceQuality "1"]

1. d4 Nf6 2. c4 c5 3. d5 e5 4. Nc3 d6 5. e4 Be7 6. Nf3 Nbd7 7. Be2 Nf8 8. h4 h6 9. g3 N8h7 10. Nh2 a6 11. Qc2 Rb8 12. Nf1 h5 13. Ne3 g6 14. Bd2 Bd7 15. a4 b6 16. 0-0-0 Bf8 17. Rdg1 Bh6 18. f3 Qe7 19. g4 hxg4 20. fxg4 Bf4 21. g5 Nh5 22. Bxh5 Bxe3 23. Bxe3 gxh5 24. g6 fxg6 25. Rxg6 Bg4 26. Rg1 Kd7 27. a5 Qf7 28. Rh6 b5 29. cxb5 Qf3 30. Nd1 Rxb5 31. Qc4 Qf8 32. Rf1 Qe7 33. Qa4 Kc7 34. Nc3 Bd7 35. Nxb5+ Bxb5 36. Qb3 Rb8 37. Rg1 Nf8 38. Bg5 Qe8 39. Qf3 Bc4 40. Qf6 Qd7 41. Bd2 1-0

[Event "Voronezh Petrovsky op"]
[Site "Voronezh"]
[Date "2022.06.15"]
[Round "7"]
[White "Sergienko, Sergey"]
[Black "Kovalenko, Sergey"]
[Result "1/2-1/2"]
[WhiteElo "2337"]
[BlackElo "2214"]
[PlyCount "116"]
[EventDate "2022.06.10"]
[EventType "swiss"]
[EventRounds "9"]
[EventCountry "RUS"]
[SourceTitle "EXT 2023"]
[Source "ChessBase"]
[SourceDate "2022.10.05"]
[SourceVersion "1"]
[SourceVersionDate "2022.10.05"]
[SourceQuality "1"]

1. e4 e6 2. d4 d5 3. Nd2 dxe4 4. Nxe4 Nd7 5. g3 Ngf6 6. Nxf6+ Qxf6 7. Bg2 e5 8. Nf3 Bd6 9. 0-0 0-0 10. Re1 exd4 11. Qxd4 c5 12. Qe4 Nb6 13. Bg5 Qf5 14. Qxf5 Bxf5 15. Rad1 Bc7 16. Nh4 Bxc2 17. Rc1 Bd3 18. Bxb7 Rab8 19. Be4 Bxe4 20. Rxe4 f5 21. Ree1 c4 22. b3 f4 23. bxc4 fxg3 24. hxg3 Nd7 25. Be3 Rb2 26. Rb1 Rxb1 27. Rxb1 Bb6 28. Ng2 Rc8 29. Rb4 Kf7 30. Kf1 Ke6 31. Bxb6 axb6 32. Ne3 Rc6 33. Ke2 g6 34. Ra4 h5 35. f4 Nc5 36. Ra8 Nd7 37. Kf3 Nf6 38. Ra3 Nd7 39. Rb3 Rd6 40. Nd5 Rc6 41. Rb4 Kd6 42. Ke4 Kc5 43. Kd3 Re6 44. Rb5+ Kc6 45. Kd4 Re2 46. Nb4+ Kd6 47. Rg5 Nf8 48. Rd5+ Kc7 49. Re5 Rg2 50. Re3 Kd6 51. Rd3 Ne6+ 52. Ke4+ Kc5 53. a3 Kxc4 54. Rd6 Nc5+ 55. Kf3 Rxg3+ 56. Kxg3 Ne4+ 57. Kh4 Nxd6 58. Nc6 Kb3 1/2-1/2

[Event "Titled Tuesday intern op 05th Apr Early"]
[Site "Chess.com INT"]
[Date "2022.04.05"]
[Round "4"]
[White "Sergienko, Sergey"]
[Black "Sarana, Alexey"]
[Result "0-1"]
[WhiteElo "2337"]
[BlackElo "2675"]
[PlyCount "78"]
[EventDate "2022.04.05"]
[EventType "swiss (blitz)"]
[EventRounds "11"]
[EventCountry "USA"]
[SourceTitle "CBM 207 Extra"]
[Source "ChessBase"]
[SourceDate "2022.05.31"]
[SourceVersion "1"]
[SourceVersionDate "2022.05.31"]
[SourceQuality "1"]

1. e4 c5 2. Nf3 d6 3. d4 cxd4 4. Nxd4 Nf6 5. Nc3 a6 6. Bg5 e6 7. f4 Qb6 8. Qd3 Nc6 9. 0-0-0 Nxd4 10. Qxd4 Qxd4 11. Rxd4 Bd7 12. Bxf6 gxf6 13. g3 Bc6 14. Bg2 h5 15. h4 Rg8 16. Ne2 f5 17. Rhd1 fxe4 18. Bxe4 Bxe4 19. Rxe4 Kd7 20. c4 b5 21. Kb1 bxc4 22. Rxc4 d5 23. a3 Bg7 24. Rb4 Rgb8 25. Rxb8 Rxb8 26. Rd2 Rb3 27. Kc1 Rf3 28. Kc2 a5 29. b3 Kd6 30. Rd3 Rf2 31. Rd2 Rf1 32. Rd3 Re1 33. Kd2 Ra1 34. a4 Kc5 35. f5 e5 36. Rc3+ Kb4 37. Rc7 Bh6+ 38. Kd3 Ra2 39. Rc2 e4+ 0-1

[Event "Titled Tuesday intern op 29th Mar Early"]
[Site "Chess.com INT"]
[Date "2022.03.29"]
[Round "9"]
[White "Kouskoutis, Georgios Alexandros"]
[Black "Sergienko, Sergey"]
[Result "1-0"]
[WhiteElo "2296"]
[BlackElo "2337"]
[PlyCount "95"]
[EventDate "2022.03.29"]
[EventType "swiss (blitz)"]
[EventRounds "11"]
[EventCountry "USA"]
[SourceTitle "CBM 207 Extra"]
[Source "ChessBase"]
[SourceDate "2022.05.31"]
[SourceVersion "1"]
[SourceVersionDate "2022.05.31"]
[SourceQuality "1"]

1. c4 c5 2. g3 Nf6 3. Bg2 d5 4. cxd5 Nxd5 5. Nf3 Nc6 6. 0-0 e5 7. Nc3 Nc7 8. b3 Be7 9. Bb2 0-0 10. Rc1 f6 11. d3 Be6 12. Qc2 Qd7 13. Qb1 Bh3 14. a3 Bxg2 15. Kxg2 Rad8 16. Ne4 Ne6 17. Rfd1 b6 18. Ba1 a5 19. e3 f5 20. Nc3 Bd6 21. Nb5 Qb7 22. Kg1 Bb8 23. Nd2 f4 24. Ne4 Qf7 25. Qc2 Kh8 26. Qe2 Qg6 27. exf4 exf4 28. Kh1 Ncd4 29. Nxd4 Nxd4 30. Bxd4 Rxd4 31. Rc4 Rd5 32. Rg1 Rh5 33. g4 Rh3 34. f3 Qh6 35. Rg2 g5 36. d4 Qg7 37. dxc5 bxc5 38. Qf1 Rd8 39. Rf2 Rh6 40. Kg2 Re6 41. h3 Qf7 42. Rxc5 Rxe4 43. fxe4 f3+ 44. Rxf3 Rd2+ 45. Rf2 Qe6 46. Rxd2 Qxe4+ 47. Qf3 Qb1 48. Qf8# 1-0

[Event "Titled Tuesday intern op 29th Mar Early"]
[Site "Chess.com INT"]
[Date "2022.03.29"]
[Round "7"]
[White "Sergienko, Sergey"]
[Black "Aaditya, Dhingra"]
[Result "0-1"]
[WhiteElo "2337"]
[BlackElo "2176"]
[PlyCount "70"]
[EventDate "2022.03.29"]
[EventType "swiss (blitz)"]
[EventRounds "11"]
[EventCountry "USA"]
[SourceTitle "CBM 207 Extra"]
[Source "ChessBase"]
[SourceDate "2022.05.31"]
[SourceVersion "1"]
[SourceVersionDate "2022.05.31"]
[SourceQuality "1"]

1. e4 e5 2. Nf3 Nc6 3. Bb5 a6 4. Ba4 Nf6 5. 0-0 Be7 6. Re1 b5 7. Bb3 d6 8. c3 0-0 9. h3 Nb8 10. d4 Nbd7 11. Nbd2 Bb7 12. a4 c5 13. Bc2 Re8 14. Nf1 Bf8 15. Ng3 g6 16. d5 c4 17. Be3 Nc5 18. Bxc5 dxc5 19. Qe2 Re7 20. Rad1 Ne8 21. h4 Nd6 22. h5 Bh6 23. Nh2 Bc8 24. hxg6 hxg6 25. Ngf1 Rb8 26. g3 bxa4 27. Bxa4 Reb7 28. Bc6 Rxb2 29. Qf3 Kg7 30. Ne3 Bxe3 31. Qxe3 Qf6 32. Qxc5 Bh3 33. Qe3 Nxe4 34. Re2 Rxe2 35. Qxe2 Nxc3 0-1

[Event "Titled Tuesday intern op 29th Mar Early"]
[Site "Chess.com INT"]
[Date "2022.03.29"]
[Round "3"]
[White "Sergienko, Sergey"]
[Black "Di Nicolantonio, Lucas"]
[Result "0-1"]
[WhiteElo "2337"]
[BlackElo "2405"]
[PlyCount "46"]
[EventDate "2022.03.29"]
[EventType "swiss (blitz)"]
[EventRounds "11"]
[EventCountry "USA"]
[SourceTitle "CBM 207 Extra"]
[Source "ChessBase"]
[SourceDate "2022.05.31"]
[SourceVersion "1"]
[SourceVersionDate "2022.05.31"]
[SourceQuality "1"]

1. e4 c5 2. Nf3 Nc6 3. Bb5 e5 4. 0-0 Bd6 5. Na3 Nge7 6. Re1 0-0 7. Bf1 Bc7 8. Nc4 d6 9. h3 f5 10. d3 Kh8 11. a3 Ng6 12. Rb1 Nh4 13. Nxh4 Qxh4 14. g3 Qf6 15. Qd2 Nd4 16. Bg2 fxe4 17. dxe4 Bxh3 18. c3 Nf3+ 19. Bxf3 Qxf3 20. Ne3 Bd8 21. b4 Bg5 22. Rb2 Bxe3 23. fxe3 Qxg3+ 0-1

[Event "Titled Tuesday intern op 23rd Nov"]
[Site "Chess.com INT"]
[Date "2021.11.23"]
[Round "2"]
[White "Gogolev, Artem"]
[Black "Sergienko, Sergey"]
[Result "1-0"]
[WhiteElo "2296"]
[BlackElo "2337"]
[PlyCount "73"]
[EventDate "2021.11.23"]
[EventType "swiss (blitz)"]
[EventRounds "11"]
[EventCountry "USA"]
[SourceTitle "CBM 205 Extra"]
[Source "ChessBase"]
[SourceDate "2022.01.31"]
[SourceVersion "1"]
[SourceVersionDate "2022.01.31"]
[SourceQuality "1"]

1. d4 Nf6 2. Nf3 g6 3. Nbd2 d5 4. c4 c6 5. cxd5 cxd5 6. Ne5 Bg7 7. Ndf3 0-0 8. e3 Ne4 9. Bd3 Nd7 10. 0-0 Nxe5 11. Nxe5 Be6 12. Bd2 Qb6 13. Rb1 Rfc8 14. Qe2 f6 15. Nf3 Bg4 16. Rfd1 Rc7 17. h3 Bd7 18. Be1 Rac8 19. Nd2 Nxd2 20. Bxd2 e5 21. dxe5 fxe5 22. e4 d4 23. Rbc1 Be6 24. Rxc7 Rxc7 25. b3 Qd6 26. Kh2 a6 27. g3 Qa3 28. Be1 Rc1 29. Bb4 Qxb4 30. Rxc1 b5 31. Qc2 h5 32. Qc6 Bf7 33. Rc2 h4 34. Qc8+ Kh7 35. Qd7 hxg3+ 36. Kxg3 Kg8 37. Rc7 1-0

[Event "Titled Tuesday intern op 23rd Nov"]
[Site "Chess.com INT"]
[Date "2021.11.23"]
[Round "7"]
[White "Khodzhamkuliev, Bahadur"]
[Black "Sergienko, Sergey"]
[Result "1-0"]
[WhiteElo "2167"]
[BlackElo "2337"]
[PlyCount "71"]
[EventDate "2021.11.23"]
[EventType "swiss (blitz)"]
[EventRounds "11"]
[EventCountry "USA"]
[SourceTitle "CBM 205 Extra"]
[Source "ChessBase"]
[SourceDate "2022.01.31"]
[SourceVersion "1"]
[SourceVersionDate "2022.01.31"]
[SourceQuality "1"]

1. Nf3 Nf6 2. d4 g6 3. Bg5 Bg7 4. Nbd2 d5 5. e3 0-0 6. Be2 Nbd7 7. 0-0 c5 8. c3 b6 9. a4 Bb7 10. a5 bxa5 11. Qa4 c4 12. Qxa5 Qxa5 13. Rxa5 a6 14. b4 cxb3 15. Rb1 Rac8 16. Rxb3 Bc6 17. Rxa6 h6 18. Bxf6 Bxf6 19. c4 dxc4 20. Bxc4 Bxf3 21. gxf3 e6 22. Rb7 Nb8 23. Rd6 Rfd8 24. Rxd8+ Rxd8 25. Ne4 Bg7 26. Bb5 Kf8 27. f4 h5 28. Nc5 Kg8 29. Ne4 Rc8 30. Kg2 Nc6 31. Nd6 Rd8 32. Nxf7 Rf8 33. Ng5 Nd8 34. Rd7 Bf6 35. Ne4 Bh4 36. Bc4 1-0

[Event "Titled Tuesday intern op 16th Nov"]
[Site "Chess.com INT"]
[Date "2021.11.16"]
[Round "11"]
[White "Sergienko, Sergey"]
[Black "Czerw, Dawid"]
[Result "1-0"]
[WhiteElo "2337"]
[BlackElo "2396"]
[PlyCount "55"]
[EventDate "2021.11.16"]
[EventType "swiss (blitz)"]
[EventRounds "11"]
[EventCountry "USA"]
[SourceTitle "CBM 205 Extra"]
[Source "ChessBase"]
[SourceDate "2022.01.31"]
[SourceVersion "1"]
[SourceVersionDate "2022.01.31"]
[SourceQuality "1"]

1. e4 c5 2. Nf3 g6 3. c3 Bg7 4. d4 cxd4 5. cxd4 d5 6. e5 Bg4 7. Bb5+ Nd7 8. 0-0 e6 9. Nbd2 Ne7 10. h3 Bxf3 11. Nxf3 0-0 12. Bxd7 Qxd7 13. Bg5 Nf5 14. Qd2 Rac8 15. g4 Ne7 16. Bf6 Rc4 17. Rad1 Rfc8 18. Qf4 Nc6 19. h4 Nb4 20. h5 Bf8 21. Kg2 Nxa2 22. Rh1 Rc2 23. Ng5 h6 24. Nf3 Rxb2 25. g5 Rcc2 26. Rdf1 Nc3 27. gxh6 Bxh6 28. Qxh6 1-0

[Event "Titled Tuesday intern op 16th Nov"]
[Site "Chess.com INT"]
[Date "2021.11.16"]
[Round "4"]
[White "Sergienko, Sergey"]
[Black "Nguyen, Hong Nhung"]
[Result "1-0"]
[WhiteElo "2337"]
[BlackElo "1697"]
[PlyCount "125"]
[EventDate "2021.11.16"]
[EventType "swiss (blitz)"]
[EventRounds "11"]
[EventCountry "USA"]
[SourceTitle "CBM 205 Extra"]
[Source "ChessBase"]
[SourceDate "2022.01.31"]
[SourceVersion "1"]
[SourceVersionDate "2022.01.31"]
[SourceQuality "1"]

1. e4 c5 2. Nf3 e6 3. d3 Nc6 4. g3 Qc7 5. Bg2 Nf6 6. 0-0 Be7 7. Re1 d6 8. c3 0-0 9. d4 cxd4 10. cxd4 Bd7 11. Nc3 a6 12. Bf4 Rac8 13. Rc1 Qa5 14. a3 Rfd8 15. Qd2 e5 16. Bg5 exd4 17. Bxf6 Bxf6 18. Nd5 Qxd2 19. Nxf6+ gxf6 20. Nxd2 Ne5 21. Bf1 Bg4 22. f4 Nf3+ 23. Nxf3 Bxf3 24. Bd3 Rxc1 25. Rxc1 Re8 26. Re1 d5 27. e5 fxe5 28. fxe5 Bg4 29. Kf2 f6 30. exf6 Rf8 31. Re7 Rxf6+ 32. Ke1 Re6+ 33. Rxe6 Bxe6 34. Kd2 Kg7 35. a4 b6 36. Bxa6 Kf6 37. Bd3 Ke5 38. b4 h6 39. a5 bxa5 40. bxa5 Kd6 41. Bb5 Kc5 42. Be8 Bc8 43. h4 Kb4 44. Kd3 Kxa5 45. Kxd4 Bb7 46. Bf7 Kb6 47. Bxd5 Bc8 48. Ke5 Kc7 49. Be6 Bb7 50. g4 Kd8 51. Kf6 Bf3 52. g5 hxg5 53. hxg5 Be4 54. Bf5 Bd5 55. g6 Ke8 56. g7 Bg8 57. Bg6+ Kd7 58. Bf7 Bh7 59. Ba2 Ke8 60. Bc4 Kd7 61. Kf7 Kd6 62. Kf8 Ke5 63. Bd3 1-0

[Event "Titled Tuesday intern op 09th Nov"]
[Site "Chess.com INT"]
[Date "2021.11.09"]
[Round "8"]
[White "Aketayeva, Dana"]
[Black "Sergienko, Sergey"]
[Result "0-1"]
[WhiteElo "2130"]
[BlackElo "2337"]
[PlyCount "88"]
[EventDate "2021.11.09"]
[EventType "swiss (blitz)"]
[EventRounds "11"]
[EventCountry "USA"]
[SourceTitle "CBM 205 Extra"]
[Source "ChessBase"]
[SourceDate "2022.01.31"]
[SourceVersion "1"]
[SourceVersionDate "2022.01.31"]
[SourceQuality "1"]

1. d4 Nf6 2. Nf3 e6 3. g3 b5 4. Bg2 Bb7 5. 0-0 Be7 6. a4 b4 7. c3 bxc3 8. Nxc3 0-0 9. Re1 c5 10. e4 cxd4 11. Nxd4 Qc8 12. e5 Ne8 13. Ndb5 Bxg2 14. Kxg2 a6 15. Nd4 d6 16. exd6 Nxd6 17. Qf3 Ra7 18. Be3 Rc7 19. Bf4 Nc6 20. Nxc6 Rxc6 21. Rad1 Nc4 22. Re2 Nxb2 23. Rxb2 Rxc3 24. Be3 Bf6 25. Qb7 Rxe3 26. fxe3 Bxb2 27. Qxb2 Qc6+ 28. Kg1 Qxa4 29. Ra1 Qc4 30. Qa3 Qe4 31. Re1 Ra8 32. Qa5 h6 33. Kf2 Rc8 34. Qxa6 Rc2+ 35. Re2 Rxe2+ 36. Qxe2 Qh1 37. h4 Qh2+ 38. Kf3 Qxe2+ 39. Kxe2 Kf8 40. Kf3 Ke7 41. Ke4 h5 42. Kf4 Kd6 43. Ke4 f6 44. Kd4 f5 0-1

[Event "Titled Tuesday intern op 09th Nov"]
[Site "Chess.com INT"]
[Date "2021.11.09"]
[Round "1"]
[White "Amgalantengis, Enkh Amgalan"]
[Black "Sergienko, Sergey"]
[Result "0-1"]
[WhiteElo "1878"]
[BlackElo "2337"]
[PlyCount "39"]
[EventDate "2021.11.09"]
[EventType "swiss (blitz)"]
[EventRounds "11"]
[EventCountry "USA"]
[SourceTitle "CBM 205 Extra"]
[Source "ChessBase"]
[SourceDate "2022.01.31"]
[SourceVersion "1"]
[SourceVersionDate "2022.01.31"]
[SourceQuality "1"]

1. d4 Nf6 2. c4 c5 3. d5 e5 4. dxe6 fxe6 5. Nc3 d5 6. cxd5 exd5 7. e3 Be7 8. Nf3 0-0 9. Bd3 Bg4 10. h3 Bh5 11. 0-0 Nc6 12. e4 Nd4 13. Nxd5 Nxd5 14. Bc4 Rxf3 15. Bxd5+ Kh8 16. gxf3 Qd7 17. Kh2 Nxf3+ 18. Kg3 Bd6+ 19. Bf4 Rf8 20. Bxd6 0-1

[Event "Titled Tuesday intern op 09th Nov"]
[Site "Chess.com INT"]
[Date "2021.11.09"]
[Round "3"]
[White "Sergienko, Sergey"]
[Black "Levitsky, Andrey"]
[Result "0-1"]
[WhiteElo "2337"]
[BlackElo "2329"]
[PlyCount "64"]
[EventDate "2021.11.09"]
[EventType "swiss (blitz)"]
[EventRounds "11"]
[EventCountry "USA"]
[SourceTitle "CBM 205 Extra"]
[Source "ChessBase"]
[SourceDate "2022.01.31"]
[SourceVersion "1"]
[SourceVersionDate "2022.01.31"]
[SourceQuality "1"]

1. e4 c5 2. Nf3 d6 3. d4 cxd4 4. Nxd4 Nf6 5. Nc3 g6 6. f4 Nc6 7. Nf3 Bg7 8. Bd3 Qb6 9. Qe2 Bg4 10. Qf2 Qxf2+ 11. Kxf2 Rc8 12. Re1 0-0 13. a3 a6 14. Be3 Na5 15. Nd2 Nd7 16. h3 Be6 17. f5 Bxc3 18. bxc3 Bc4 19. Nxc4 Nxc4 20. Bh6 Rfe8 21. Reb1 b6 22. Ke2 Nde5 23. g4 Rc6 24. a4 Rec8 25. Bf4 Nd7 26. Rb3 Na5 27. Bxa6 Nxb3 28. Bxc8 Nxa1 29. Bxd7 Rxc3 30. e5 Rc4 31. Bg5 dxe5 32. Bxe7 Rc7 0-1

[Event "Titled Tuesday intern op 09th Nov"]
[Site "Chess.com INT"]
[Date "2021.11.09"]
[Round "9"]
[White "Sergienko, Sergey"]
[Black "Martin Carmona, Gaston Manuel"]
[Result "0-1"]
[WhiteElo "2337"]
[BlackElo "2326"]
[PlyCount "58"]
[EventDate "2021.11.09"]
[EventType "swiss (blitz)"]
[EventRounds "11"]
[EventCountry "USA"]
[SourceTitle "CBM 205 Extra"]
[Source "ChessBase"]
[SourceDate "2022.01.31"]
[SourceVersion "1"]
[SourceVersionDate "2022.01.31"]
[SourceQuality "1"]

1. e4 c5 2. Nf3 d6 3. d4 cxd4 4. Nxd4 Nf6 5. Nc3 g6 6. f4 Nc6 7. Nf3 Bg7 8. Bd3 0-0 9. 0-0 b5 10. Kh1 b4 11. Ne2 Qa5 12. Qe1 Ba6 13. Bd2 Bxd3 14. cxd3 Qb5 15. Rc1 Rac8 16. Rc4 d5 17. Nfd4 Qb7 18. Nxc6 dxc4 19. Nxb4 a5 20. Nd5 Nxd5 21. exd5 cxd3 22. Nc3 Qxb2 23. Ne4 Qd4 24. f5 Qxd5 25. f6 exf6 26. Bh6 f5 27. Bxg7 Kxg7 28. Qa1+ f6 29. Nd2 Rc2 0-1

[Event "Titled Tuesday intern op 02nd Nov"]
[Site "Chess.com INT"]
[Date "2021.11.02"]
[Round "9"]
[White "Espinosa, Pedro"]
[Black "Sergienko, Sergey"]
[Result "1-0"]
[WhiteElo "1855"]
[BlackElo "2337"]
[PlyCount "107"]
[EventDate "2021.11.02"]
[EventType "swiss (blitz)"]
[EventRounds "11"]
[EventCountry "USA"]
[SourceTitle "CBM 205 Extra"]
[Source "ChessBase"]
[SourceDate "2022.01.31"]
[SourceVersion "1"]
[SourceVersionDate "2022.01.31"]
[SourceQuality "1"]

1. d4 Nf6 2. c4 c5 3. d5 e5 4. dxe6 fxe6 5. Nc3 d5 6. cxd5 exd5 7. e3 Be7 8. Nf3 0-0 9. Be2 Nc6 10. 0-0 Kh8 11. b3 Be6 12. Bb2 Qd7 13. Rc1 Rad8 14. Na4 Ne4 15. Nd2 Nxd2 16. Qxd2 b6 17. Rfd1 Bf6 18. Bxf6 Rxf6 19. Bf3 Ne5 20. Be2 Qf7 21. f3 Rf8 22. Nc3 Rg6 23. Kh1 Rh6 24. f4 Ng4 25. Bxg4 Bxg4 26. Qxd5 Bxd1 27. Qxf7 Rxf7 28. Rxd1 Rf8 29. Kg1 Re6 30. Kf2 Re7 31. g3 Kg8 32. Kf3 Rfe8 33. e4 Kf7 34. e5 Rc7 35. Ne4 Kf8 36. Nd6 Rd8 37. Rc1 a6 38. Ke4 b5 39. Kd5 g6 40. Rxc5 Rxc5+ 41. Kxc5 Ke7 42. Kd5 Rd7 43. Kc6 Rd8 44. g4 Ke6 45. Kb6 Rf8 46. Kxa6 Rxf4 47. Kxb5 Kxe5 48. Nc4+ Kd5 49. h3 Rf2 50. a4 Rf3 51. b4 Rxh3 52. a5 Rh1 53. a6 Ra1 54. Na5 1-0

[Event "Titled Tuesday intern op 02nd Nov"]
[Site "Chess.com INT"]
[Date "2021.11.02"]
[Round "8"]
[White "Sergienko, Sergey"]
[Black "Adewumi, Tanitoluwa"]
[Result "1-0"]
[WhiteElo "2337"]
[BlackElo "2064"]
[PlyCount "49"]
[EventDate "2021.11.02"]
[EventType "swiss (blitz)"]
[EventRounds "11"]
[EventCountry "USA"]
[SourceTitle "CBM 205 Extra"]
[Source "ChessBase"]
[SourceDate "2022.01.31"]
[SourceVersion "1"]
[SourceVersionDate "2022.01.31"]
[SourceQuality "1"]

1. e4 c5 2. Nf3 Nc6 3. Bb5 Nb8 4. 0-0 a6 5. Bd3 b5 6. c3 Bb7 7. Re1 g6 8. Bc2 c4 9. a4 Bg7 10. axb5 axb5 11. Rxa8 Bxa8 12. Na3 Qa5 13. d3 cxd3 14. Qxd3 Bc6 15. Nd4 Bxd4 16. Qxd4 Nf6 17. Bg5 b4 18. Bxf6 exf6 19. Nc4 Qc7 20. Nd6+ Ke7 21. e5 f5 22. Qh4+ Kf8 23. Qf6 Bd5 24. Qxh8+ Ke7 25. Qe8# 1-0

[Event "Titled Tuesday intern op 02nd Nov"]
[Site "Chess.com INT"]
[Date "2021.11.02"]
[Round "4"]
[White "Sergienko, Sergey"]
[Black "Moreira, Ronaldo Alonso"]
[Result "1/2-1/2"]
[WhiteElo "2337"]
[BlackElo "2088"]
[PlyCount "126"]
[EventDate "2021.11.02"]
[EventType "swiss (blitz)"]
[EventRounds "11"]
[EventCountry "USA"]
[SourceTitle "CBM 205 Extra"]
[Source "ChessBase"]
[SourceDate "2022.01.31"]
[SourceVersion "1"]
[SourceVersionDate "2022.01.31"]
[SourceQuality "1"]

1. e4 e6 2. d4 d5 3. Nc3 Nf6 4. Bg5 dxe4 5. Nxe4 Be7 6. Bxf6 gxf6 7. Nf3 f5 8. Nc3 a6 9. g3 b5 10. Bg2 Bb7 11. 0-0 Qd6 12. Re1 Nd7 13. Ne5 Bxg2 14. Kxg2 Nxe5 15. dxe5 Qxd1 16. Raxd1 Rd8 17. f4 Bb4 18. Kf3 Bxc3 19. bxc3 Ke7 20. Ke3 c5 21. a4 Rxd1 22. Rxd1 Rd8 23. Ra1 h5 24. axb5 axb5 25. Ra5 Rb8 26. Ra7+ Kf8 27. Rc7 c4 28. Rd7 Ke8 29. Ra7 b4 30. cxb4 Rxb4 31. Kd4 Rb2 32. Kc3 Rb1 33. Kxc4 Rh1 34. Ra3 Rxh2 35. Rc3 h4 36. gxh4 Rxh4 37. Kc5 Rxf4 38. Kd6 Kf8 39. Rc8+ Kg7 40. c4 Rd4+ 41. Ke7 Re4 42. Rf8 Rxe5 43. Rxf7+ Kg6 44. Rf6+ Kg5 45. Rxe6 Rxe6+ 46. Kxe6 f4 47. c5 f3 48. c6 f2 49. c7 f1Q 50. Kd7 Qf5+ 51. Kd8 Qd5+ 52. Ke7 Qc6 53. Kd8 Qd6+ 54. Kc8 Kf6 55. Kb7 Qb4+ 56. Ka7 Qa5+ 57. Kb7 Qb5+ 58. Ka7 Qc6 59. Kb8 Qb6+ 60. Ka8 Qa6+ 61. Kb8 Qb6+ 62. Ka8 Qa6+ 63. Kb8 Qb6+ 1/2-1/2

[Event "Titled Tuesday intern op 02nd Nov"]
[Site "Chess.com INT"]
[Date "2021.11.02"]
[Round "2"]
[White "Sergienko, Sergey"]
[Black "Wagner, Dinara"]
[Result "0-1"]
[WhiteElo "2337"]
[BlackElo "2327"]
[PlyCount "62"]
[EventDate "2021.11.02"]
[EventType "swiss (blitz)"]
[EventRounds "11"]
[EventCountry "USA"]
[SourceTitle "CBM 205 Extra"]
[Source "ChessBase"]
[SourceDate "2022.01.31"]
[SourceVersion "1"]
[SourceVersionDate "2022.01.31"]
[SourceQuality "1"]

1. e4 c5 2. Nf3 d6 3. d4 cxd4 4. Nxd4 Nf6 5. Nc3 a6 6. Bg5 Nbd7 7. Bc4 g6 8. 0-0 Bg7 9. Qd2 h6 10. Bh4 0-0 11. Rfe1 b5 12. Bf1 Bb7 13. Rad1 b4 14. Nd5 Bxd5 15. exd5 Ne5 16. f4 Ned7 17. Nc6 Qb6+ 18. Bf2 Qc7 19. Rxe7 Rfe8 20. Rde1 Rxe7 21. Nxe7+ Kh7 22. Bd4 Re8 23. c4 Nc5 24. Nc6 Nfe4 25. Qe3 Nf6 26. Qxe8 Nxe8 27. Rxe8 Bxd4+ 28. Nxd4 Qd7 29. Re3 Qg4 30. g3 Qd1 31. h3 Qxd4 0-1

[Event "Titled Tuesday intern op 26th Oct"]
[Site "Chess.com INT"]
[Date "2021.10.26"]
[Round "11"]
[White "Adewumi, Tanitoluwa"]
[Black "Sergienko, Sergey"]
[Result "1-0"]
[WhiteElo "2064"]
[BlackElo "2337"]
[PlyCount "89"]
[EventDate "2021.10.26"]
[EventType "swiss (blitz)"]
[EventRounds "11"]
[EventCountry "USA"]
[SourceTitle "CBM 204 Extra"]
[Source "ChessBase"]
[SourceDate "2021.11.30"]
[SourceVersion "1"]
[SourceVersionDate "2021.11.30"]
[SourceQuality "1"]

1. Nf3 Nf6 2. b3 d5 3. Bb2 Bf5 4. d4 e6 5. e3 h6 6. Bd3 Bxd3 7. Qxd3 Be7 8. Nbd2 0-0 9. 0-0 Nbd7 10. e4 dxe4 11. Nxe4 Nxe4 12. Qxe4 c6 13. c4 Nf6 14. Qc2 b5 15. Ne5 Qb6 16. Rad1 Rac8 17. Rfe1 Rfd8 18. Bc3 bxc4 19. bxc4 c5 20. Qd2 cxd4 21. Ba5 Qa6 22. Bxd8 Rxd8 23. Qc2 Bb4 24. Re2 Qd6 25. Nd3 Bc3 26. c5 Qc7 27. Qa4 Rd5 28. Rb1 e5 29. Qa6 e4 30. Rb7 Qc8 31. Nf4 d3 32. Nxd5 dxe2 33. Ne7+ Kh7 34. Nxc8 e1Q+ 35. Qf1 Qd2 36. c6 Bd4 37. Re7 Ng4 38. Rxe4 Bxf2+ 39. Kh1 Ne3 40. Rxe3 Bxe3 41. Ne7 Bf4 42. Qb1+ g6 43. Qf1 Kg7 44. g3 Bc7 45. Nf5+ 1-0